[Event "WCCC U12 2019"]
[Site "Weifang"]
[Date "2019.08.30"]
[Round "9.6"]
[White "Zhang, Di"]
[Black "Khubukshanov, Erdem"]
[Result "0-1"]
[WhiteElo "1952"]
[BlackElo "2257"]
[Annotator "ChessBase"]
[PlyCount "66"]
[EventDate "2019.08.21"]
[EventType "swiss"]
[EventCountry "CHN"]
[SourceTitle "playchess.com"]
[Source "ChessBase"]
[SourceQuality "1"]
[TimeControl "40/5400+30:1800+30"]

1. Nf3 {[%emt 0:00:00]} c5 {[%emt 0:00:00]} 2. g3 {[%emt 0:00:00]} g6 {[%emt 0:00:13]} 3. Bg2 {[%emt 0:00:28]} Bg7 {[%emt 0:00:12]} 4. c4 {[%emt 0:03:34]} Nc6 {[%emt 0:00:16]} 5. O-O {[%emt 0:00:32]} e6 {[%emt 0:00:55]} 6. Nc3 {[%emt 0:00:53]} Nge7 {[%emt 0:00:34]} 7. e3 {[%emt 0:12:17]} Nf5 {[%emt 0:05:30]} 8. b3 {[%emt 0:04:11]} O-O {[%emt 0:03:14]} 9. Bb2 {[%emt 0:02:45]} b6 {[%emt 0:04:07]} 10. d3 {[%emt 0:08:01]} Bb7 {[%emt 0:01:09]} 11. Qd2 {[%emt 0:01:11]} d5 {[%emt 0:04:00]} 12. cxd5 {[%emt 0:07:49]} exd5 {[%emt 0:01:10]} 13. Ne2 {[%emt 0:00:54]} d4 {[%emt 0:05:11]} 14. exd4 {[%emt 0:03:14]} cxd4 {[%emt 0:01:12]} 15. Rfe1 {[%emt 0:22:55]} Qd7 {[%emt 0:04:35]} 16. g4 {[%emt 0:04:58]} Nfe7 {[%emt 0:05:47]} 17. h3 {[%emt 0:02:42]} Rfe8 {[%emt 0:00:45]} 18. Rac1 {[%emt 0:05:09]} Rac8 {[%emt 0:04:14]} 19. b4 {[%emt 0:03:58]} a6 {[%emt 0:01:53]} 20. a3 {[%emt 0:00:59]} h6 {[%emt 0:02:45]} 21. Nf4 {[%emt 0:03:42]} Qd6 {[%emt 0:02:41]} 22. Re2 {[%emt 0:02:40]} h5 {[%emt 0:13:25]} 23. Rce1 {[%emt 0:02:34]} Bh6 {[%emt 0:01:09]} 24. g5 {[%emt 0:02:26]} Bg7 {[%emt 0:00:17]} 25. Bc1 {[%emt 0:01:29]} Na7 {[%emt 0:05:20]} 26. Qd1 {[%emt 0:02:55]} Nb5 {[%emt 0:00:33]} 27. Qb3 {[%emt 0:00:48]} Rxc1 {[%emt 0:00:30]} 28. Rxc1 {[%emt 0:00:00]} Qxf4 {[%emt 0:00:05]} 29. Rce1 {[%emt 0:00:38]} Bxf3 {[%emt 0:00:23]} 30. Bxf3 {[%emt 0:00:23]} Nc3 {[%emt 0:00:30]} 31. Bg2 {[%emt 0:00:35]} Nxe2+ {[%emt 0:00:19]} 32. Rxe2 {[%emt 0:00:02]} Qc1+ {[%emt 0:00:21]} 33. Kh2 {[%emt 0:00:04]} Be5+ {[%emt 0:00:10]} 0-1

[Event "WCCC U12 2019"]
[Site "Weifang"]
[Date "2019.08.30"]
[Round "9.7"]
[White "Pingin, Artem"]
[Black "Bai, Changlin"]
[Result "1-0"]
[WhiteElo "2155"]
[BlackElo "1752"]
[Annotator "TA"]
[PlyCount "51"]
[EventDate "2019.08.21"]
[EventType "swiss"]
[EventCountry "CHN"]
[SourceTitle "playchess.com"]
[Source "ChessBase"]
[SourceQuality "1"]

{[%evp 12,80,23,16,23,23,43,28,36,18,35,22,46,45,118,112,120,90,123,83,122,88,174,98,104,104,166,162,243,209,300,296,510,503,597,587,724,716,934,847,29981,29982,5706,1145,1146,1075,1768,1402,1209,1187,2781,1835,29991,1460,29993,29994,29995,29992,29995,29992,29993,29994,29994,29995,29995,29996,29996,29997,29998,29999,29999]} 1. e4 e6 2. d4 d5 3. Nc3 Nf6 4. Bg5 dxe4 5. Nxe4 Be7 6. Bxf6 gxf6 7. Qd2 f5 {C13: French: Classical System: 4 Bg5 Be7, Alekhine-Chatard Attack} (7... a6 8. O-O-O b5 9. Qe3 Bb7 10. c4 bxc4 11. Bxc4 f5 12. Nc3 Qd6 13. d5 e5 14. Nf3 Nd7 15. Rhe1 {1-0 (49) Artemiev,V (2709)-Vaibhav,S (2590) Caleta 2019}) 8. Nc3 Nd7 9. O-O-O Nf6 {White has an edge.} 10. g3 c6 11. Bg2 Rg8 $146 ({Predecessor:} 11... Nd5 12. Nxd5 cxd5 13. Kb1 b5 14. Nf3 a5 15. Ne5 {1-0 (41) Borysiak,B (2275)-Pekacki,S (2070) Warsaw 1997}) 12. Kb1 Nd5 (12... Bd7 $14) 13. Nxd5 $16 cxd5 14. Nf3 a5 15. Ne5 a4 16. a3 Ra6 (16... Rg7 $16 {was called for.}) 17. Bf3 (17. Qh6 $18) 17... Rb6 18. Ka1 Bd7 (18... Kf8 $16) 19. Bh5 Rf8 (19... Rg7 {was worth a try.}) 20. g4 Bg5 (20... fxg4 $142 21. Rhg1 (21. Nxg4 Bd6 $14) (21. Bxg4 Qc7 $16) 21... Bd6) 21. f4 $18 Bh6 $2 (21... Bf6 22. gxf5 Qc7 23. fxe6 Bxe6) 22. gxf5 Qh4 23. Qa5 Qd8 24. Rhe1 Qc7 25. fxe6 Bc6 26. exf7+ {Played: e6-e7} 1-0

[Event "WCCC U12 2019"]
[Site "Weifang"]
[Date "2019.08.30"]
[Round "9.9"]
[White "Shahil Dey"]
[Black "Xue, Haowen"]
[Result "0-1"]
[WhiteElo "2207"]
[BlackElo "1917"]
[Annotator "ChessBase"]
[PlyCount "70"]
[EventDate "2019.08.21"]
[EventType "swiss"]
[EventCountry "CHN"]
[SourceTitle "playchess.com"]
[Source "ChessBase"]
[SourceQuality "1"]
[TimeControl "40/5400+30:1800+30"]

1. e4 {[%emt 0:00:00]} c5 {[%emt 0:00:00]} 2. Nf3 {[%emt 0:00:00]} Nc6 {[%emt 0:00:00]} 3. d4 {[%emt 0:00:00]} cxd4 {[%emt 0:00:00]} 4. Nxd4 {[%emt 0:00:00]} Nf6 {[%emt 0:00:00]} 5. Nc3 {[%emt 0:00:00]} d6 {[%emt 0:00:06]} 6. Bg5 {[%emt 0:00:01]} e6 {[%emt 0:00:06]} 7. Qd2 {[%emt 0:00:04]} a6 {[%emt 0:00:05]} 8. f4 {[%emt 0:02:13]} h6 {[%emt 0:01:08]} 9. Bh4 {[%emt 0:00:38]} Nxe4 {[%emt 0:01:20]} 10. Nxe4 {[%emt 0:04:30]} Qxh4+ {[%emt 0:00:32]} 11. g3 {[%emt 0:00:05]} Qd8 {[%emt 0:01:20]} 12. Bg2 {[%emt 0:05:00]} d5 {[%emt 0:03:42]} 13. Nc3 {[%emt 0:04:37]} Be7 {[%emt 0:03:40]} 14. O-O-O {[%emt 0:02:44]} O-O {[%emt 0:01:12]} 15. Kb1 {[%emt 0:01:04]} Bd7 {[%emt 0:11:05]} 16. Rhe1 {[%emt 0:01:29]} Nxd4 {[%emt 0:02:47]} 17. Qxd4 {[%emt 0:00:11]} Bf6 {[%emt 0:00:59]} 18. Qd2 {[%emt 0:03:59]} Qb6 {[%emt 0:17:58]} 19. Qe3 {[%emt 0:14:46]} Qxe3 {[%emt 0:07:28]} 20. Rxe3 {[%emt 0:00:11]} Bc6 {[%emt 0:00:35]} 21. Red3 {[%emt 0:00:54]} Bxc3 {[%emt 0:06:06]} 22. bxc3 {[%emt 0:00:05]} g6 {[%emt 0:14:50]} 23. Re1 {[%emt 0:07:05]} h5 {[%emt 0:05:40]} 24. h3 {[%emt 0:00:04]} Kg7 {[%emt 0:01:58]} 25. g4 {[%emt 0:00:07]} hxg4 {[%emt 0:00:06]} 26. hxg4 {[%emt 0:00:03]} Rae8 {[%emt 0:04:00]} 27. Rde3 {[%emt 0:06:59]} b5 {[%emt 0:06:49]} 28. a4 {[%emt 0:10:06]} bxa4 {[%emt 0:01:18]} 29. Ka2 {[%emt 0:00:45]} Rh8 {[%emt 0:06:18]} 30. c4 {[%emt 0:01:44]} Rh2 {[%emt 0:01:15]} 31. R3e2 {[%emt 0:06:45]} Rc8 {[%emt 0:01:41]} 32. cxd5 {[%emt 0:01:29]} Rxg2 {[%emt 0:00:00]} 33. dxc6 {[%emt 0:00:20]} Rxg4 {[%emt 0:00:00]} 34. Re4 {[%emt 0:01:43]} Rxc6 {[%emt 0:00:02]} 35. R1e2 {[%emt 0:01:59]} g5 {[%emt 0:01:13]} 0-1

[Event "WCCC U12 2019"]
[Site "Weifang"]
[Date "2019.08.30"]
[Round "9.10"]
[White "Zhakshylykov, Erzhan"]
[Black "Dev, Shah"]
[Result "0-1"]
[WhiteElo "1745"]
[BlackElo "2161"]
[Annotator "TA"]
[PlyCount "50"]
[EventDate "2019.08.21"]
[EventType "swiss"]
[EventCountry "CHN"]
[SourceTitle "playchess.com"]
[Source "ChessBase"]
[SourceQuality "1"]

{[%evp 19,50,5,16,15,8,9,25,1,38,-37,-59,-70,-27,-39,-80,-37,-71,-70,-92,-70,-51,-164,-163,-164,-156,-626,-618,-785,-798,-2181,-1910,-5795,-3854]} 1. d4 d5 2. Nf3 Nf6 3. c4 c6 4. Nc3 e6 5. g3 Nbd7 6. Bg2 Be7 7. O-O dxc4 8. e4 O-O 9. a4 e5 10. dxe5 Ng4 11. Bf4 {Threatening h3. E07: Closed Catalan: Main Line (5 Nf3 0-0 6 0-0 Nbd7)} Qa5 {[%cal Rg4e5]} 12. e6 fxe6 13. Bh3 {[#] White has an edge.} h5 $146 ({Predecessor:} 13... Nde5 14. Bxg4 Nxg4 15. e5 Qd8 16. Nd2 h5 17. h3 g5 18. hxg4 gxf4 19. gxh5 fxg3 {1-0 (30) Sarana,A (2573)-Dreev,A (2657) Yaroslavl 2018}) 14. Bxg4 (14. e5 $14) 14... hxg4 $15 15. Nd2 Qh5 (15... e5 $5 {[%cal Re5f4]} 16. Be3 Nb6 $17) 16. Nxc4 e5 17. Be3 Nf6 {[%cal Bd7f6,Bf6h7,Bh7g5,Bg5f3][%mdl 32]} 18. Qe2 Be6 19. Rad1 Nh7 20. h4 ({White should try} 20. Nd6 $15) 20... g5 $19 21. Nxe5 gxh4 {[%mdl 64] [#] Discovered Attack} 22. Bf4 $2 (22. Nd3 $17 Ng5 23. Bxg5 Bxg5 24. e5) 22... hxg3 {Black is clearly winning.} 23. Bxg3 Ng5 {Threatens to win with ...Nf3+.} 24. Bh2 Nf3+ 25. Nxf3 gxf3 {Accuracy: White = 24%, Black = 88%.} 0-1